000 01044nmm a2200373 a 4500
003 AR-X00000XY
005 20251128211912.0
008 087020s2003 ||||||||||||||000 | spa||
020 _a958-704-103-8
040 _cAR-X00000XY
245 1 0 _aAntología de grandes crónicas colombianas
_b1529-1948
260 _aBogotá
_bAguilar
_c2003
300 0 _av.
500 0 _aDonación de la Embajada de Colombia en Buenos Aires
500 0 _aLa biblioteca posee el vol. 1
650 4 _aCONQUISTA DE AMERICA
650 4 _aHISTORIA CULTURAL
650 4 _aHISTORIA POLITICA
650 4 _aHISTORIA LATINOAMERICANA
650 4 _aENTREVISTAS
650 4 _aPERIODISMO
650 4 _aPERIODO COLONIAL
650 4 _aPERIODO HISPANICO
650 4 _aHISTORIA CONTEMPORANEA
650 4 _aSIGLO VEINTE
651 4 _aColombia
653 0 _aCRONICAS
653 0 _aHISTORIA COLOMBIANA
653 0 _aRELATOS DE VIAJES
653 0 _aCRONICA DE INDIAS
700 1 _aSamper Pizano, Daniel
_eselección
942 _cBK
998 _cNancy
999 _c21551
_d21551